000 00675nam a2200205Ia 4500
003 GCL
008 140319s9999 xx 000 0 ara d
040 _aGCL /
_cGCL
082 0 4 _aق
_b962.3
_bم ع
100 1 _aمنظمة الحزب الاشتراكى
245 1 0 _aعبدالناصر: الفكر والطريق /
_cمنظمة الحزب الاشتراكى
300 _a362 ص
490 _aالهيئة العامة للاستعلامات
_v0
650 0 4 _aمصر
650 0 4 _aالاحوال الاقتصادية
650 0 4 _aالاحزاب السياسية
650 0 4 _aثورة 23 يوليو 1952
650 0 4 _aجمال عبدالناصر
942 _2ddc
_cBK
999 _c50479
_d50479